[Event "GBR-ch75"]
[Site "Blackpool"]
[Date "1988.08.02"]
[Round "2.3"]
[White "Rogers, Ian"]
[Black "Cooper, John G"]
[Result "1/2-1/2"]
[WhiteElo "2535"]
[BlackElo "2380"]
[PlyCount "57"]
[EventDate "1988.08.01"]
[EventType "swiss"]
[EventRounds "11"]
[EventCountry "GBR"]
[SourceTitle "BritBase12Sep20"]
[Source "John Saunders"]
[SourceDate "2020.09.12"]
[SourceVersion "1"]
[SourceVersionDate "2020.09.12"]
[SourceQuality "1"]

1. e4 c5 2. Nf3 e6 3. d4 cxd4 4. Nxd4 Nf6 5. Nc3 d6 6. f4 Nc6 7. Be3 Be7 8. Qf3
O-O 9. O-O-O Qc7 10. g4 Nxd4 11. Bxd4 e5 12. fxe5 dxe5 13. Qg3 Nxg4 14. Nd5 Qd8
15. Bc3 Bh4 16. Qg2 Nf2 17. Rg1 g6 18. Rd2 Nh3 19. Bxe5 Nxg1 20. Nf6+ Bxf6 21.
Rxd8 Bxd8 22. Qxg1 Re8 23. Qg3 a6 24. Bc4 Be6 25. Bd5 Bxd5 26. exd5 Rc8 27. d6
Rc5 28. Bf4 Re4 29. Bd2 1/2-1/2

[Event "GBR-ch75"]
[Site "Blackpool"]
[Date "1988.08.02"]
[Round "2.4"]
[White "King, Daniel J"]
[Black "Crawley, Gavin"]
[Result "1/2-1/2"]
[WhiteElo "2520"]
[BlackElo "2380"]
[PlyCount "92"]
[EventDate "1988.08.01"]
[EventType "swiss"]
[EventRounds "11"]
[EventCountry "GBR"]
[SourceTitle "BritBase12Sep20"]
[Source "John Saunders"]
[SourceDate "2020.09.12"]
[SourceVersion "1"]
[SourceVersionDate "2020.09.12"]
[SourceQuality "1"]

1. e4 Nc6 2. Nf3 e5 3. Bb5 a6 4. Ba4 Nf6 5. O-O Be7 6. Re1 b5 7. Bb3 O-O 8. a4
Bb7 9. d3 Re8 10. Bg5 d6 11. Nc3 Na5 12. Ba2 b4 13. Ne2 h6 14. Bd2 c5 15. c3 d5
16. Ng3 Bf8 17. cxb4 cxb4 18. Rc1 dxe4 19. dxe4 Qd7 20. Be3 Qxd1 21. Rexd1 Nxe4
22. Bb6 b3 23. Bb1 Nxg3 24. hxg3 Bb4 25. Rc7 Rad8 26. Rxd8 Rxd8 27. Kh2 Bxf3
28. gxf3 g6 29. Be3 Bd2 30. Bb6 Rd6 31. Bc5 Rc6 32. Rxc6 Nxc6 33. Bd3 Bc1 34.
Bc4 Bxb2 35. Bxb3 Bd4 36. Bd6 Kg7 37. Bd5 Nd8 38. Kg2 Kf6 39. a5 Ne6 40. Bc4
Bc3 41. Bxa6 Bxa5 42. Bc4 Bb6 43. Ba2 g5 44. Bb4 h5 45. Bd2 g4 46. fxg4 hxg4
1/2-1/2

[Event "GBR-ch75"]
[Site "Blackpool"]
[Date "1988.08.02"]
[Round "2.5"]
[White "Findlay, Ian T"]
[Black "Mestel, A Jonathan"]
[Result "0-1"]
[WhiteElo "2350"]
[BlackElo "2510"]
[PlyCount "80"]
[EventDate "1988.08.01"]
[EventType "swiss"]
[EventRounds "11"]
[EventCountry "GBR"]
[SourceTitle "BritBase12Sep20"]
[Source "John Saunders"]
[SourceDate "2020.09.12"]
[SourceVersion "1"]
[SourceVersionDate "2020.09.12"]
[SourceQuality "1"]

1. e4 c5 2. Nf3 d6 3. d4 cxd4 4. Nxd4 Nf6 5. Nc3 g6 6. Be2 Bg7 7. O-O O-O 8.
Bg5 Nbd7 9. Kh1 Nc5 10. Bf3 h6 11. Bh4 g5 12. Bg3 g4 13. Be2 Ncxe4 14. Nxe4
Nxe4 15. Bxg4 f5 16. Be2 e5 17. Nf3 Be6 18. Bh4 Qb6 19. Nd2 d5 20. Nxe4 dxe4
21. Be7 Rfc8 22. Ba3 Rd8 23. Qe1 Rac8 24. Rc1 f4 25. c4 Qc6 26. Qc3 Rd4 27. b3
b5 28. c5 Rf8 29. Rfe1 f3 30. gxf3 Bh3 31. Rg1 exf3 32. Bf1 Bg2+ 33. Bxg2 b4
34. Bxb4 fxg2+ 35. Rxg2 Rxf2 36. Qg3 Rxg2 37. Qxg2 Qxg2+ 38. Kxg2 Rxb4 39. c6
Rb8 40. Kf3 Kf7 0-1

[Event "GBR-ch75"]
[Site "Blackpool"]
[Date "1988.08.02"]
[Round "2.6"]
[White "Kosten, Anthony C"]
[Black "Bellin, Robert"]
[Result "1/2-1/2"]
[WhiteElo "2510"]
[BlackElo "2370"]
[PlyCount "131"]
[EventDate "1988.08.01"]
[EventType "swiss"]
[EventRounds "11"]
[EventCountry "GBR"]
[SourceTitle "BritBase12Sep20"]
[Source "John Saunders"]
[SourceDate "2020.09.12"]
[SourceVersion "1"]
[SourceVersionDate "2020.09.12"]
[SourceQuality "1"]

1. e4 e5 2. Nf3 Nc6 3. Bc4 Nf6 4. d3 Be7 5. O-O d6 6. Bb3 O-O 7. c3 Na5 8. Bc2
c5 9. Nbd2 a6 10. Re1 Re8 11. Nf1 h6 12. Ng3 Bf8 13. h3 Bd7 14. a3 Qc7 15. b4
cxb4 16. axb4 Nc6 17. Bb3 a5 18. Bd2 axb4 19. cxb4 Qb6 20. Bc4 Be6 21. b5 Nd4
22. Rxa8 Rxa8 23. Be3 Nxf3+ 24. Qxf3 Qd8 25. Bxe6 fxe6 26. d4 Qa5 27. Rb1 exd4
28. Bxd4 e5 29. Qb3+ Kh7 30. Ra1 Qd8 31. Rxa8 Qxa8 32. Be3 Qe8 33. Qd3 Qd7 34.
Ne2 Be7 35. Nc3 Qe6 36. Na4 Bd8 37. b6 Be7 38. Qc2 Kg8 39. Qc7 Qd7 40. Nc3 Bd8
41. Qc4+ Qf7 42. Qa4 Qd7 43. Qa2+ Qf7 44. Qa8 Qd7 45. f3 Kh7 46. Qa2 Qc6 47.
Qb3 Nd7 48. Nd5 Nf6 49. Nxf6+ Bxf6 50. Kf2 Bd8 51. Kg3 Bf6 52. h4 Bd8 53. Kh3
Qd7+ 54. g4 h5 55. Qc4 hxg4+ 56. fxg4 Qe7 57. g5 Qd7+ 58. Kg3 g6 59. Qd5 Kg7
60. Bc5 Be7 61. Bf2 Qc8 62. Qd1 Qc3+ 63. Qf3 Qc6 64. Be3 Qc4 65. Bf2 Qc6 66.
Be3 1/2-1/2

[Event "GBR-ch75"]
[Site "Blackpool"]
[Date "1988.08.02"]
[Round "2.7"]
[White "Murshed, Niaz"]
[Black "Large, Peter G"]
[Result "1-0"]
[WhiteElo "2475"]
[BlackElo "2360"]
[PlyCount "105"]
[EventDate "1988.08.01"]
[EventType "swiss"]
[EventRounds "11"]
[EventCountry "GBR"]
[SourceTitle "BritBase12Sep20"]
[Source "John Saunders"]
[SourceDate "2020.09.12"]
[SourceVersion "1"]
[SourceVersionDate "2020.09.12"]
[SourceQuality "1"]

1. d4 Nf6 2. Nf3 d5 3. c4 e6 4. Nc3 dxc4 5. e3 c5 6. Bxc4 a6 7. a4 cxd4 8. exd4
Nc6 9. O-O Be7 10. Be3 O-O 11. Ne5 Qc7 12. Nxc6 Qxc6 13. Qb3 Qd6 14. f3 Qb4 15.
d5 Qxb3 16. Bxb3 e5 17. Ne4 Nxe4 18. fxe4 Bd6 19. Rac1 Bd7 20. Bc5 Bxc5+ 21.
Rxc5 Rac8 22. Rxc8 Rxc8 23. d6 Be6 24. Bxe6 fxe6 25. a5 Rd8 26. Rd1 Kf8 27. Rd3
Ke8 28. Kf2 Kd7 29. Rb3 b5 30. axb6 Kxd6 31. Rd3+ Ke7 32. b7 Rb8 33. Rg3 g6 34.
Rh3 h5 35. Rb3 Kd6 36. g4 hxg4 37. Kg3 Kc5 38. Kxg4 a5 39. Kg5 a4 40. Rc3+ Kd6
41. Rd3+ Kc6 42. Kxg6 Rxb7 43. Rd2 Rb4 44. Re2 Kc5 45. h4 Rb3 46. Rh2 Kd6 47.
h5 Ke7 48. Rg2 Rf3 49. h6 Rf6+ 50. Kh5 Rf7 51. Rh2 Kf8 52. Kg6 a3 53. h7 1-0

[Event "GBR-ch75"]
[Site "Blackpool"]
[Date "1988.08.02"]
[Round "2.8"]
[White "Norwood, David"]
[Black "Carr, Neil L"]
[Result "1-0"]
[WhiteElo "2470"]
[BlackElo "2290"]
[PlyCount "55"]
[EventDate "1988.08.01"]
[EventType "swiss"]
[EventRounds "11"]
[EventCountry "GBR"]
[SourceTitle "BritBase12Sep20"]
[Source "John Saunders"]
[SourceDate "2020.09.12"]
[SourceVersion "1"]
[SourceVersionDate "2020.09.12"]
[SourceQuality "1"]

1. d4 g6 2. e4 Bg7 3. Nc3 d6 4. Be3 c6 5. a4 Nf6 6. h3 Qa5 7. Qd2 b5 8. b4 Qxb4
9. axb5 c5 10. Nf3 Bb7 11. Bd3 c4 12. Rb1 Qa3 13. Bxc4 Nxe4 14. Nxe4 Bxe4 15.
Bxf7+ Kxf7 16. Ng5+ Kg8 17. Nxe4 h6 18. O-O Qa2 19. Rb3 a6 20. b6 Qa4 21. b7
Ra7 22. d5 Qxe4 23. Bxa7 Kh7 24. Re1 Qh4 25. Rb4 Qf6 26. Rf4 Qb2 27. Rxe7 Qb1+
28. Kh2 1-0

[Event "GBR-ch75"]
[Site "Blackpool"]
[Date "1988.08.02"]
[Round "2.9"]
[White "Hebden, Mark L"]
[Black "Kwiatkowski, Feliks J"]
[Result "0-1"]
[WhiteElo "2460"]
[BlackElo "2240"]
[PlyCount "96"]
[EventDate "1988.08.01"]
[EventType "swiss"]
[EventRounds "11"]
[EventCountry "GBR"]
[SourceTitle "BritBase12Sep20"]
[Source "John Saunders"]
[SourceDate "2020.09.12"]
[SourceVersion "1"]
[SourceVersionDate "2020.09.12"]
[SourceQuality "1"]

1. d4 Nf6 2. c4 e6 3. Nf3 b6 4. g3 Ba6 5. b3 Bb4+ 6. Bd2 Be7 7. Bg2 c6 8. O-O
d5 9. Qc2 O-O 10. Bf4 Nbd7 11. Nbd2 c5 12. dxc5 Nxc5 13. Rfd1 Bb7 14. cxd5 Nxd5
15. Nc4 b5 16. Ne3 Rc8 17. Qb2 Qb6 18. Nxd5 Bxd5 19. Be5 f6 20. Bd4 Qb7 21.
Rac1 b4 22. Qd2 Rfd8 23. Qe3 Qb5 24. Ne1 Kf7 25. Bxd5 Rxd5 26. Nd3 Rcd8 27. Nf4
Rf5 28. Rxc5 Rxc5 29. Nxe6 Rdd5 30. Nf4 Rd6 31. Re1 Rc7 32. Bxa7 g5 33. Nh3 Re6
34. Qf3 Rxa7 35. Rd1 Qxe2 36. Nxg5+ Kg8 37. Rd2 Qxf3 38. Nxf3 Rc7 39. Kg2 Kf7
40. g4 Bd6 41. Rd5 Be5 42. Rb5 Bc3 43. Rf5 Ke7 44. h4 Ra7 45. Rh5 Kf8 46. g5
Kg7 47. Nh2 fxg5 48. hxg5 h6 0-1

[Event "GBR-ch75"]
[Site "Blackpool"]
[Date "1988.08.02"]
[Round "2.10"]
[White "Quillan, Gary"]
[Black "Motwani, Paul"]
[Result "0-1"]
[WhiteElo "2255"]
[BlackElo "2455"]
[PlyCount "82"]
[EventDate "1988.08.01"]
[EventType "swiss"]
[EventRounds "11"]
[EventCountry "GBR"]
[SourceTitle "BritBase12Sep20"]
[Source "John Saunders"]
[SourceDate "2020.09.12"]
[SourceVersion "1"]
[SourceVersionDate "2020.09.12"]
[SourceQuality "1"]

1. e4 e5 2. Nf3 Nc6 3. Bb5 Nf6 4. O-O Nxe4 5. d4 Nd6 6. Bg5 Be7 7. Bxe7 Nxe7 8.
dxe5 Ndf5 9. Nc3 O-O 10. Ne4 d5 11. exd6 cxd6 12. Qd3 d5 13. Rad1 h6 14. Nc3
Be6 15. Nd4 Qb6 16. Nxe6 fxe6 17. Rfe1 Rf6 18. Rd2 Ng6 19. Qe2 Raf8 20. Bd7 Nf4
21. Qg4 Qc7 22. g3 Rg6 23. Bxe6+ Rxe6 24. Rxe6 Nxe6 25. Rxd5 Qf7 26. Rd2 Nfd4
27. f4 Qc7 28. Rf2 Qc5 29. Ne4 Qd5 30. Qg6 Nc5 31. Nc3 Qd7 32. Qh5 b6 33. Qd5+
Qxd5 34. Nxd5 Ne4 35. Rg2 Rd8 36. c4 b5 37. b3 bxc4 38. bxc4 Rb8 39. h4 h5 40.
g4 Rb1+ 41. Kh2 Nf3+ 0-1

[Event "GBR-ch75"]
[Site "Blackpool"]
[Date "1988.08.02"]
[Round "2.11"]
[White "Plaskett, H James"]
[Black "Hempson, Peter W"]
[Result "0-1"]
[WhiteElo "2450"]
[BlackElo "2225"]
[PlyCount "50"]
[EventDate "1988.08.01"]
[EventType "swiss"]
[EventRounds "11"]
[EventCountry "GBR"]
[SourceTitle "BritBase12Sep20"]
[Source "John Saunders"]
[SourceDate "2020.09.12"]
[SourceVersion "1"]
[SourceVersionDate "2020.09.12"]
[SourceQuality "1"]

1. c4 e5 2. Nc3 Nf6 3. Nf3 e4 4. Ng5 b5 5. d3 exd3 6. cxb5 h6 7. Nf3 dxe2 8.
Bxe2 Bb7 9. O-O Bc5 10. Nd4 Bxd4 11. Qxd4 O-O 12. b4 d6 13. Bb2 Nbd7 14. f4 Re8
15. Bf3 Bxf3 16. Rxf3 Qb8 17. Nd5 Qb7 18. Nxf6+ Nxf6 19. Rg3 Re6 20. f5 Re5 21.
Qh4 Ne4 22. Re3 Qb6 23. Rae1 Nc3 24. Qg3 Rxe3 25. Qxe3 Re8 0-1

[Event "GBR-ch75"]
[Site "Blackpool"]
[Date "1988.08.02"]
[Round "2.14"]
[White "Hennigan, Michael"]
[Black "Hodgson, Julian M"]
[Result "1/2-1/2"]
[WhiteElo "2295"]
[BlackElo "2525"]
[PlyCount "90"]
[EventDate "1988.08.01"]
[EventType "swiss"]
[EventRounds "11"]
[EventCountry "GBR"]
[SourceTitle "BritBase12Sep20"]
[Source "John Saunders"]
[SourceDate "2020.09.12"]
[SourceVersion "1"]
[SourceVersionDate "2020.09.12"]
[SourceQuality "1"]

1. e4 c6 2. d4 d5 3. exd5 cxd5 4. c4 Nf6 5. Nc3 Nc6 6. Bg5 Be6 7. Bxf6 gxf6 8.
c5 Bg7 9. a3 O-O 10. Bb5 Kh8 11. Nge2 Bg4 12. Qd2 Bxe2 13. Nxe2 f5 14. O-O Rg8
15. Bxc6 bxc6 16. Ng3 e6 17. Nh5 Qh4 18. Nxg7 Rxg7 19. f4 Rag8 20. Rf2 Rg6 21.
Qe3 Rh6 22. g3 Rhg6 23. Rg2 Qf6 24. b4 Rb8 25. Rb1 Rgg8 26. a4 a6 27. Rgb2 h5
28. b5 axb5 29. axb5 cxb5 30. Rxb5 Ra8 31. Qe5 Qxe5 32. fxe5 h4 33. Kf2 hxg3+
34. hxg3 Kg7 35. R5b2 Kg6 36. Rc1 Ra4 37. c6 Rc8 38. Ke3 Ra3+ 39. Kf2 Ra6 40.
c7 Ra7 41. Rbc2 Kg5 42. Rc5 Ra2+ 43. Kf3 Ra3+ 44. R1c3 Ra7 45. Rc2 Rb7 1/2-1/2

[Event "GBR-ch75"]
[Site "Blackpool"]
[Date "1988.08.02"]
[Round "2.15"]
[White "Morrison, Graham"]
[Black "Watson, William N"]
[Result "1/2-1/2"]
[WhiteElo "2325"]
[BlackElo "2500"]
[PlyCount "105"]
[EventDate "1988.08.01"]
[EventType "swiss"]
[EventRounds "11"]
[EventCountry "GBR"]
[SourceTitle "BritBase12Sep20"]
[Source "John Saunders"]
[SourceDate "2020.09.12"]
[SourceVersion "1"]
[SourceVersionDate "2020.09.12"]
[SourceQuality "1"]

1. Nf3 g6 2. e4 c5 3. d4 cxd4 4. Nxd4 Bg7 5. c4 Nc6 6. Be3 Nf6 7. Nc3 Ng4 8.
Qxg4 Nxd4 9. Qd1 Ne6 10. Qd2 Qa5 11. Rc1 b6 12. Qd5 Qxd5 13. exd5 Nd4 14. Bd3
Bb7 15. O-O O-O 16. Rfd1 Nf5 17. Bxf5 gxf5 18. f4 e6 19. Bd4 Rfc8 20. Bxg7 Kxg7
21. Nb5 a6 22. Nd6 Rc7 23. Rc3 Rb8 24. Rb3 b5 25. dxe6 fxe6 26. cxb5 Bd5 27.
Rg3+ Kf6 28. bxa6 Ra7 29. Nb7 Bxb7 30. axb7 Rbxb7 31. Rb3 Rxb3 32. axb3 Rb7 33.
Rd3 d5 34. Kf2 Rb5 35. g3 e5 36. fxe5+ Kxe5 37. Ke3 Rc5 38. b4 Rc4 39. Rb3 d4+
40. Kd3 Rc6 41. b5 Rb6 42. Rb4 h5 43. b3 h4 44. Rxd4 hxg3 45. hxg3 Rxb5 46. b4
Rb8 47. Rf4 Rc8 48. Ke2 Rc2+ 49. Kf3 Rb2 50. Rc4 Rb3+ 51. Kg2 Kf6 52. Kh3 Kg5
53. Rf4 1/2-1/2

[Event "GBR-ch75"]
[Site "Blackpool"]
[Date "1988.08.02"]
[Round "2.16"]
[White "Dunnington, Angus J"]
[Black "Flear, Glenn C"]
[Result "0-1"]
[WhiteElo "2280"]
[BlackElo "2470"]
[PlyCount "106"]
[EventDate "1988.08.01"]
[EventType "swiss"]
[EventRounds "11"]
[EventCountry "GBR"]
[SourceTitle "BritBase12Sep20"]
[Source "John Saunders"]
[SourceDate "2020.09.12"]
[SourceVersion "1"]
[SourceVersionDate "2020.09.12"]
[SourceQuality "1"]

1. d4 d5 2. Nf3 Nf6 3. g3 c6 4. Bg2 Bg4 5. O-O Nbd7 6. Nbd2 e6 7. c4 Bd6 8.
cxd5 exd5 9. Qb3 Rb8 10. h3 Bxf3 11. Qxf3 O-O 12. e4 dxe4 13. Nxe4 Nxe4 14.
Qxe4 Nb6 15. Bd2 Re8 16. Qg4 Be5 17. Bc3 Bf6 18. Rfe1 Qd6 19. Re4 Rxe4 20. Qxe4
Rd8 21. Rd1 g6 22. Bf3 Nd5 23. Kg2 h5 24. h4 Kg7 25. Qc2 Rd7 26. Qb3 Qe6 27.
Re1 Qd6 28. Rd1 Qc7 29. a4 a6 30. Re1 Ne7 31. Qb4 Qd8 32. Qc5 Nf5 33. d5 cxd5
34. Bxf6+ Kxf6 35. Qc3+ d4 36. Qc5 Kg7 37. Qe5+ Kh7 38. Rd1 b6 39. Be4 Ng7 40.
Rd3 Ne6 41. Qxh5+ Kg8 42. Qg4 Nc5 43. Rd2 d3 44. b4 Nxe4 45. Qxe4 Rd4 46. Qe3
Qd6 47. b5 a5 48. Kg1 Kg7 49. Kg2 Qd5+ 50. Kh2 Kf8 51. Qh6+ Kg8 52. Qe3 Kg7 53.
Kg1 Rxa4 0-1

[Event "GBR-ch75"]
[Site "Blackpool"]
[Date "1988.08.02"]
[Round "2.17"]
[White "Mortazavi, Ali"]
[Black "Adams, Michael"]
[Result "0-1"]
[WhiteElo "2290"]
[BlackElo "2460"]
[PlyCount "64"]
[EventDate "1988.08.01"]
[EventType "swiss"]
[EventRounds "11"]
[EventCountry "GBR"]
[SourceTitle "BritBase12Sep20"]
[Source "John Saunders"]
[SourceDate "2020.09.12"]
[SourceVersion "1"]
[SourceVersionDate "2020.09.12"]
[SourceQuality "1"]

1. d4 Nf6 2. Nf3 e6 3. b3 c5 4. e3 b6 5. Bb2 Bb7 6. Bd3 Be7 7. Nbd2 d6 8. O-O
O-O 9. Re1 Nbd7 10. c4 Re8 11. e4 cxd4 12. Bxd4 Qc7 13. Rc1 Rad8 14. Bb1 Ne5
15. b4 Qb8 16. Qb3 Nfd7 17. Bb2 Bf6 18. Nd4 Bg5 19. Rcd1 Rc8 20. N2f3 Bf6 21.
Rc1 Ba6 22. Nxe5 Nxe5 23. Nb5 d5 24. exd5 exd5 25. Qa3 Bxb5 26. cxb5 Rxc1 27.
Rxc1 Nc4 28. Qh3 Bxb2 29. Qxh7+ Kf8 30. Qh8+ Ke7 31. Re1+ Be5 32. Qxg7 Kd8 0-1

[Event "GBR-ch75"]
[Site "Blackpool"]
[Date "1988.08.02"]
[Round "2.23"]
[White "Conquest, Stuart"]
[Black "Upton, Timothy J"]
[Result "1-0"]
[WhiteElo "2490"]
[BlackElo "2265"]
[PlyCount "85"]
[EventDate "1988.08.01"]
[EventType "swiss"]
[EventRounds "11"]
[EventCountry "GBR"]
[SourceTitle "BritBase12Sep20"]
[Source "John Saunders"]
[SourceDate "2020.09.12"]
[SourceVersion "1"]
[SourceVersionDate "2020.09.12"]
[SourceQuality "1"]

1. e4 e5 2. Bc4 Nc6 3. Nf3 Nf6 4. d3 Be7 5. O-O O-O 6. Bb3 d6 7. c3 Nd7 8. d4
Bf6 9. a4 a5 10. h3 Nb6 11. Be3 Re8 12. dxe5 Nxe5 13. Bxb6 cxb6 14. Nd4 Nc6 15.
Nb5 Be6 16. Nd2 Na7 17. Nxa7 Rxa7 18. Bxe6 fxe6 19. Qb3 Ra8 20. Nc4 Rc8 21.
Nxb6 Rc6 22. Nc4 d5 23. Na3 Rb6 24. Nb5 dxe4 25. Rad1 Qb8 26. Rfe1 Qf4 27. Qc2
Be5 28. g3 Qf6 29. Qxe4 Bb8 30. Qd4 e5 31. Qd5+ Kh8 32. Re3 Qh6 33. Qf7 Rg8 34.
Kg2 Rf6 35. Qxb7 Rgf8 36. Re2 Qh5 37. Red2 Qg5 38. Qe4 h5 39. h4 Qh6 40. Kg1
Rf3 41. Rd8 Qf6 42. Rxf8+ Qxf8 43. Rd2 1-0

[Event "GBR-ch75"]
[Site "Blackpool"]
[Date "1988.08.02"]
[Round "2.24"]
[White "Jones, Andrew"]
[Black "Gallagher, Joseph G"]
[Result "0-1"]
[WhiteElo "2260"]
[BlackElo "2445"]
[PlyCount "58"]
[EventDate "1988.08.01"]
[EventType "swiss"]
[EventRounds "11"]
[EventCountry "GBR"]
[SourceTitle "BritBase12Sep20"]
[Source "John Saunders"]
[SourceDate "2020.09.12"]
[SourceVersion "1"]
[SourceVersionDate "2020.09.12"]
[SourceQuality "1"]

1. e4 c5 2. Nc3 Nc6 3. g3 g6 4. Bg2 Bg7 5. d3 d6 6. Be3 Rb8 7. Qd2 b5 8. Nge2
b4 9. Nd1 Nd4 10. O-O e6 11. Nc1 Ne7 12. c3 bxc3 13. bxc3 Ndc6 14. d4 cxd4 15.
cxd4 O-O 16. Nb3 a5 17. Nc3 Rb4 18. Rfb1 a4 19. Nc1 Bxd4 20. Rxb4 Bxe3 21. Qxe3
Nxb4 22. Rb1 Qa5 23. Qd2 Nbc6 24. Rb5 Qa7 25. Qd1 a3 26. Rb3 Nd4 27. Rb4 Nec6
28. Ra4 Qc5 29. Nb1 Qxc1 0-1

[Event "GBR-ch75"]
[Site "Blackpool"]
[Date "1988.08.02"]
[Round "2.26"]
[White "Coleman, David J"]
[Black "Wells, Peter K"]
[Result "0-1"]
[WhiteElo "2240"]
[BlackElo "2410"]
[PlyCount "58"]
[EventDate "1988.08.01"]
[EventType "swiss"]
[EventRounds "11"]
[EventCountry "GBR"]
[SourceTitle "BritBase12Sep20"]
[Source "John Saunders"]
[SourceDate "2020.09.12"]
[SourceVersion "1"]
[SourceVersionDate "2020.09.12"]
[SourceQuality "1"]

1. e4 c6 2. d4 d5 3. exd5 cxd5 4. c4 Nf6 5. Nc3 e6 6. Nf3 Bb4 7. cxd5 exd5 8.
Bd3 O-O 9. O-O Bg4 10. h3 Bh5 11. Bg5 Bxc3 12. bxc3 Nbd7 13. Re1 Re8 14. Qc2
Bxf3 15. Bxh7+ Kh8 16. gxf3 g6 17. Bxg6 Rg8 18. Qf5 fxg6 19. Qf4 Nh5 20. Qh4
Qf8 21. Re7 Qf5 22. Rae1 Raf8 23. R1e3 Rg7 24. R7e6 Rh7 25. Rd6 Nf4 26. Bh6
Qb1+ 27. Kh2 Qf1 28. Bg7+ Kg8 29. Qg3 Rxh3+ 0-1

[Event "GBR-ch75"]
[Site "Blackpool"]
[Date "1988.08.02"]
[Round "2.27"]
[White "Pritchett, Craig William"]
[Black "Jackson, Sheila"]
[Result "1/2-1/2"]
[WhiteElo "2400"]
[BlackElo "2245"]
[PlyCount "55"]
[EventDate "1988.08.01"]
[EventType "swiss"]
[EventRounds "11"]
[EventCountry "GBR"]
[SourceTitle "BritBase12Sep20"]
[Source "John Saunders"]
[SourceDate "2020.09.12"]
[SourceVersion "1"]
[SourceVersionDate "2020.09.12"]
[SourceQuality "1"]

1. c4 e5 2. g3 Nc6 3. Bg2 Nf6 4. Nc3 g6 5. e3 Bg7 6. Nge2 O-O 7. O-O d6 8. d3
a5 9. h3 Be6 10. Nd5 Rb8 11. Kh2 Ne7 12. e4 c6 13. Nxe7+ Qxe7 14. f4 b5 15.
cxb5 cxb5 16. Be3 Rfc8 17. Qd2 b4 18. a3 Bb3 19. Rac1 Qb7 20. Rxc8+ Rxc8 21.
Rc1 Rxc1 22. Qxc1 h5 23. axb4 axb4 24. Qd2 Nd7 25. d4 Ba4 26. fxe5 dxe5 27. d5
Bf8 28. Nc1 1/2-1/2

[Event "GBR-ch75"]
[Site "Blackpool"]
[Date "1988.08.02"]
[Round "2.29"]
[White "Poulton, James"]
[Black "Mack, Andrew L"]
[Result "1/2-1/2"]
[WhiteElo "2240"]
[BlackElo "2335"]
[PlyCount "28"]
[EventDate "1988.08.01"]
[EventType "swiss"]
[EventRounds "11"]
[EventCountry "GBR"]
[SourceTitle "BritBase12Sep20"]
[Source "John Saunders"]
[SourceDate "2020.09.12"]
[SourceVersion "1"]
[SourceVersionDate "2020.09.12"]
[SourceQuality "1"]

1. d4 d5 2. c4 e6 3. Nf3 c5 4. cxd5 exd5 5. Nc3 Nc6 6. e3 Nf6 7. Be2 cxd4 8.
Nxd4 Bd6 9. Bf3 O-O 10. O-O Ne5 11. Bxd5 Nxd5 12. Nxd5 Bg4 13. f3 Bd7 14. Kh1
Qh4 1/2-1/2

[Event "GBR-ch75"]
[Site "Blackpool"]
[Date "1988.08.02"]
[Round "2.31"]
[White "Clarke, Thomas M"]
[Black "Rossiter, Philip J"]
[Result "0-1"]
[WhiteElo "2205"]
[BlackElo "2335"]
[PlyCount "40"]
[EventDate "1988.08.01"]
[EventType "swiss"]
[EventRounds "11"]
[EventCountry "GBR"]
[SourceTitle "BritBase12Sep20"]
[Source "John Saunders"]
[SourceDate "2020.09.12"]
[SourceVersion "1"]
[SourceVersionDate "2020.09.12"]
[SourceQuality "1"]

1. e4 c5 2. Nf3 e6 3. d4 cxd4 4. Nxd4 Nf6 5. Bd3 Nc6 6. Be3 d5 7. Nxc6 bxc6 8.
e5 Nd7 9. f4 Bc5 10. Bxc5 Nxc5 11. Qg4 O-O 12. Nc3 f5 13. Qh3 Rb8 14. Nd1 Qb6
15. a3 Na4 16. b3 Qd4 17. Ra2 Nc5 18. Nf2 Qxf4 19. O-O Qxe5 20. Kh1 Ne4 0-1

[Event "GBR-ch75"]
[Site "Blackpool"]
[Date "1988.08.03"]
[Round "3.1"]
[White "Motwani, Paul"]
[Black "Chandler, Murray G"]
[Result "0-1"]
[WhiteElo "2455"]
[BlackElo "2605"]
[PlyCount "122"]
[EventDate "1988.08.01"]
[EventType "swiss"]
[EventRounds "11"]
[EventCountry "GBR"]
[SourceTitle "BritBase12Sep20"]
[Source "John Saunders"]
[SourceDate "2020.09.12"]
[SourceVersion "1"]
[SourceVersionDate "2020.09.12"]
[SourceQuality "1"]

1. e4 c5 2. Nf3 d6 3. d4 cxd4 4. Nxd4 Nf6 5. Nc3 Nc6 6. g3 e6 7. Bg2 Bd7 8. O-O
Be7 9. Nxc6 Bxc6 10. Qe2 O-O 11. a4 a6 12. Rd1 Qc7 13. a5 Rac8 14. Be3 Nd7 15.
Bd4 Bf6 16. Bxf6 Nxf6 17. Qe3 Rfd8 18. h3 Nd7 19. Qd4 Ne5 20. f4 Ng6 21. Qf2
Rb8 22. Rd2 h6 23. Ne2 Ne7 24. g4 Ng6 25. b3 Rd7 26. f5 Ne5 27. Nf4 Re8 28. Qb6
Qxb6+ 29. axb6 Kf8 30. Rf1 exf5 31. exf5 Rdd8 32. Nh5 Rc8 33. Rf4 Bxg2 34. Kxg2
Rc6 35. Rfd4 Rec8 36. Rxd6 Rxd6 37. Rxd6 Rxc2+ 38. Kg3 Ke7 39. Rd5 f6 40. Nxg7
Rc3+ 41. Kh4 Rxb3 42. Rc5 Rxb6 43. Rc7+ Kd8 44. Rc3 a5 45. Kh5 a4 46. Ne6+ Ke7
47. Nc5 Rb4 48. Kxh6 b6 49. Ne6 Rb3 50. Rc7+ Kd6 51. Ra7 Rxh3+ 52. Kg7 a3 53.
Kxf6 Nxg4+ 54. Kg5 Ne5 55. Nd4 Rg3+ 56. Kf4 Rg4+ 57. Ke3 Rxd4 58. Rxa3 Nc4+ 59.
Kxd4 Nxa3 60. f6 Nb5+ 61. Kc4 Nc7 0-1

[Event "GBR-ch75"]
[Site "Blackpool"]
[Date "1988.08.03"]
[Round "3.2"]
[White "Anand, Viswanathan"]
[Black "Norwood, David"]
[Result "0-1"]
[WhiteElo "2555"]
[BlackElo "2470"]
[PlyCount "110"]
[EventDate "1988.08.01"]
[EventType "swiss"]
[EventRounds "11"]
[EventCountry "GBR"]
[SourceTitle "BritBase12Sep20"]
[Source "John Saunders"]
[SourceDate "2020.09.12"]
[SourceVersion "1"]
[SourceVersionDate "2020.09.12"]
[SourceQuality "1"]

1. e4 g6 2. d4 Bg7 3. Nc3 d6 4. Be3 c6 5. a4 Nf6 6. h3 O-O 7. Nf3 Nbd7 8. a5
Rb8 9. d5 Nc5 10. Nd2 cxd5 11. exd5 b5 12. axb6 Qxb6 13. Nc4 Qb4 14. Bd2 Qb7
15. Na5 Qd7 16. Bc4 Rxb2 17. O-O Qf5 18. Ra2 Rxa2 19. Bxa2 Ba6 20. Nc6 Re8 21.
Nd4 Qh5 22. Re1 Qxd1 23. Rxd1 Nfe4 24. Nxe4 Bxd4 25. Re1 Nxe4 26. Rxe4 Bb6 27.
Bg5 Rc8 28. Bb3 f6 29. Be3 Bxe3 30. fxe3 Rc7 31. Rb4 Kf7 32. e4 Bc8 33. Rb8 Bd7
34. Ra8 Rb7 35. Kf2 f5 36. Ke3 fxe4 37. Kxe4 h5 38. Kf4 Bf5 39. Kg5 Rc7 40. c4
Bd3 41. Kh6 Bxc4 42. Bc2 Bxd5 43. Bxg6+ Ke6 44. Rf8 Bxg2 45. h4 d5 46. Bxh5 Be4
47. Bf7+ Ke5 48. h5 d4 49. Rd8 d3 50. Kg7 Rc2 51. h6 Rg2+ 52. Kf8 e6 53. Bg8
Rh2 54. Kg7 d2 55. Bh7 Bxh7 0-1